| 000 | 00647cab a2200217 4500 | ||
|---|---|---|---|
| 001 | WB3143-01 | ||
| 008 | 090401t1995 xxu||||| |||| 00| 0 eng d | ||
| 035 | _a(Sirsi) u28547 | ||
| 041 | _aeng | ||
| 245 | _aLandscape PPG hopes rise | ||
| 260 | _c1995 | ||
| 350 | _a0 | ||
| 490 |
_aArchitects` Journal _v16 November 1995, 20(1) |
||
| 520 | _aLandscape is next to be discussed in a series of meetings between the construction industry and the DoE, raising the possibility of a PPG being issued. | ||
| 650 | _aLANDSCAPE | ||
| 650 | _aPLANNING POLICY | ||
| 650 | _aPPG | ||
| 690 | _aBUILT ENVIRONMENT | ||
| 942 | _n0 | ||
| 948 | _c04/03/1997 | ||
| 999 |
_c19199 _d19199 |
||